The journal of William Thomas Emerson, a Revolutionary War patriot / (Record no. 2133)

MARC details
000 -LEADER
fixed length control field 01449cam a2200385 a 4500
001 - CONTROL NUMBER
control field 2133
003 - CONTROL NUMBER IDENTIFIER
control field FISKH
005 - DATE AND TIME OF LATEST TRANSACTION
control field 20231110093745.0
008 - FIXED-LENGTH DATA ELEMENTS--GENERAL INFORMATION
fixed length control field 971218s1998 nyuab c 000 1 eng
010 ## - LIBRARY OF CONGRESS CONTROL NUMBER
LC control number 97052938
020 ## - INTERNATIONAL STANDARD BOOK NUMBER
International Standard Book Number 0590313509 (paper over board)
020 ## - INTERNATIONAL STANDARD BOOK NUMBER
International Standard Book Number 9780545398909
040 ## - CATALOGING SOURCE
Original cataloging agency DLC
Transcribing agency DLC
Modifying agency DLC
Language of cataloging eng
042 ## - AUTHENTICATION CODE
Authentication code lcac
043 ## - GEOGRAPHIC AREA CODE
Geographic area code n-us-ma
050 00 - LIBRARY OF CONGRESS CALL NUMBER
Classification number PZ7.D4135
Item number Jo 1998
082 00 - DEWEY DECIMAL CLASSIFICATION NUMBER
Classification number [Fic]
Edition number 21
100 1# - MAIN ENTRY--PERSONAL NAME
Personal name Denenberg, Barry.
245 14 - TITLE STATEMENT
Title The journal of William Thomas Emerson, a Revolutionary War patriot /
Statement of responsibility, etc. Barry Denenberg.
250 ## - EDITION STATEMENT
Edition statement This edition first printing, December 2012
260 ## - PUBLICATION, DISTRIBUTION, ETC.
Place of publication, distribution, etc. New York :
Name of publisher, distributor, etc. Scholastic,
Date of publication, distribution, etc. 1998
300 ## - PHYSICAL DESCRIPTION
Extent 153 pages :
Other physical details illustrations ; map ;
Dimensions 20 cm
505 ## - FORMATTED CONTENTS NOTE
Formatted contents note Z'<br/>
520 ## - SUMMARY, ETC.
Summary, etc. William, a twelve-year-old orphan, writes of his experiences in pre-Revolutionary War Boston where he joins the cause of the patriots who are opposed to the British rule.
521 8# - TARGET AUDIENCE NOTE
Target audience note 950<br/>
Source Lexile<br/>
521 8# - TARGET AUDIENCE NOTE
Target audience note Z'<br/>
Source Raz-Plus<br/>
650 #1 - SUBJECT ADDED ENTRY--TOPICAL TERM
Topical term or geographic name entry element Orphans
General subdivision Fiction.
650 #1 - SUBJECT ADDED ENTRY--TOPICAL TERM
Topical term or geographic name entry element Diaries
General subdivision Fiction.
651 #0 - SUBJECT ADDED ENTRY--GEOGRAPHIC NAME
Geographic name Boston (Mass.)
General subdivision History
Chronological subdivision Revolution, 1775-1783
General subdivision Juvenile fiction.
651 #0 - SUBJECT ADDED ENTRY--GEOGRAPHIC NAME
Geographic name United States
General subdivision History
Chronological subdivision Revolution, 1775-1783
General subdivision Juvenile fiction.
651 #1 - SUBJECT ADDED ENTRY--GEOGRAPHIC NAME
Geographic name Boston (Mass.)
General subdivision History
Chronological subdivision Revolution, 1775-1783
General subdivision Fiction.
651 #1 - SUBJECT ADDED ENTRY--GEOGRAPHIC NAME
Geographic name United States
General subdivision History
Chronological subdivision Revolution, 1775-1783
General subdivision Fiction.
906 ## - LOCAL DATA ELEMENT F, LDF (RLIN)
a 7
b cbu
c orignew
d 1
e ocip
f 19
g y-gencatlg
942 ## - ADDED ENTRY ELEMENTS (KOHA)
Source of classification or shelving scheme Dewey Decimal Classification
Koha item type Books
Suppress in OPAC No
Holdings
Withdrawn status Lost status Source of classification or shelving scheme Damaged status Not for loan Collection Home library Current library Shelving location Date acquired Total Checkouts Full call number Barcode Date last seen Copy number Price effective from Koha item type
    Dewey Decimal Classification     Fiction Footprints International School Library Network Toul Kork Campus Footprints International School Library Network Toul Kork Campus   11/07/2023   DEN Fic PZ7.D4135 FISTK04912 11/07/2023 1 11/07/2023 Books
    Dewey Decimal Classification     Fiction Footprints International School Library Network Toul Kork Campus Footprints International School Library Network Toul Kork Campus TTP Secondary Fiction Bookshelves 11/07/2023   DEN Fic PZ7.D4135 FISSE01403 11/25/2024 2 11/07/2023 Books